000 00974cam a2200205 4500
001 ABS66570
008 030430n2003 000 0 eng u
035 _a(Sirsi) u122149
100 _aBanyard Smith, E.
245 _aContract law set for a makeover
260 _c2003
490 _aBuilding Services Journal
_v25(3) April 2003, 21(1)
520 _aSuggests that an overhaul of contract law may have a significant impact on standard forms of construction contracts. The recent Law Commission consultation paper proposed that the current regime for assessing the acceptability of contract clauses should be replaced so that nearly every clause can be individually checked for fairness before enforcement. The final report will not become law until at least 2004.
590 _aABS
650 _aLAW COMMISSION
650 _aBUILT ENVIRONMENT-BUILDING CONTRACT FORMS
650 _aCONTRACT LAW
690 _aBUILT ENVIRONMENT-BUILDING CONTRACT FORMS
942 _n0
999 _c72591
_d72591